000 01126cam a2200205 4500
001 ##L132497
008 060213n2005 000 0 eng u
020 _a0110911946
035 _a(Sirsi) u132497
041 0 _aeng
245 0 0 _aTown and Country Planning (Local Development Plan) (Wales) Regulations 2005
260 _aLondon
_bTSO
_c2005
490 0 _aWelsh Statutory Instrument
_vSI 2005: 2839 (W.203)
520 _aThese Regulations make provisions for the operation of a new system of local development plans (LDPs) in Wales as established by the Planning and Compulsory Purchase Act 2004 Part VI. They prescribe the form and content of LDPs to be prepared by local planning authorities and make provision for the procedure to be followed in their preparation.
590 _aIKA140206
650 2 4 _aPLANNING AND COMPULSORY PURCHASE ACT 2004 PART VI
690 _aENVIRONMENTAL AND LAND CONSULTANCY-PLANNING AND DEVELOPMENT-PLANNING GUIDANCE-LOCAL DEVELOPMENT PLANS
856 4 0 _uhttps://www.legislation.gov.uk/wsi/2005/2839/contents/made
_zView the SI free of charge at www.legislation.gov.uk...
942 _n0
999 _c105158
_d105158